Котельные установки. Курсовое и дипломное проектирование: учебное пособие для техникумов

Detalles Bibliográficos
Autor Principal: Эстеркин Р. И. Рахмиель Иосифович
Summary:Приведены варианты тем для курсового и дипломного проектирования. Даны конкретные методики теплового расчета котлоагрегатов и тепловых схем производственных и отопительных котельных с выбором и компоновкой основного и вспомогательного оборудования. Рассмотрены вопросы защиты окружающей среды, приведены необходимые технико-экономические расчеты и примеры. Справочные сведения даны в объеме, необходимом для выполнения курсового и дипломного проектов. Для учащихся техникумов, обучающихся теплотехническим специальностям, может быть полезна преподавателям техникумов.
Idioma:ruso
Publicado: Санкт-Петербург, Интеграл, 2011
Subjects:
Formato: MixedMaterials Libro
KOHA link:https://koha.lib.tpu.ru/cgi-bin/koha/opac-detail.pl?biblionumber=232356

MARC

LEADER 00000nam0a2200000 4500
001 232356
005 20231101231150.0
010 |a 5283044459 
035 |a (RuTPU)RU\TPU\book\253394 
035 |a RU\TPU\book\191868 
090 |a 232356 
100 |a 20100310d2011 m y0rusy50 ca 
101 0 |a rus 
102 |a RU 
105 |a a j 001zy 
200 1 |a Котельные установки. Курсовое и дипломное проектирование  |e учебное пособие для техникумов  |f Р. И. Эстеркин 
210 |a Санкт-Петербург  |c Интеграл  |d 2011 
215 |a 280 с.  |c ил. 
320 |a Библиогр.: с. 278. 
330 |a Приведены варианты тем для курсового и дипломного проектирования. Даны конкретные методики теплового расчета котлоагрегатов и тепловых схем производственных и отопительных котельных с выбором и компоновкой основного и вспомогательного оборудования. Рассмотрены вопросы защиты окружающей среды, приведены необходимые технико-экономические расчеты и примеры. Справочные сведения даны в объеме, необходимом для выполнения курсового и дипломного проектов. Для учащихся техникумов, обучающихся теплотехническим специальностям, может быть полезна преподавателям техникумов. 
451 1 |0 (RuTPU)RU\TPU\book\33759  |y 5-283-04445-9  |t Котельные установки. Курсовое и дипломное проектирование  |o учебное пособие  |f Р. И. Эстеркин  |c Л.  |n Энергоатомиздат  |d 1989  |p 280 с.  |a Эстеркин, Рахмиель Иосифович 
606 1 |a Котельные установки  |x Вспомогательное оборудование  |x Проектирование  |2 stltpush  |3 (RuTPU)RU\TPU\subj\15987  |9 42182 
610 1 |a курсовое проектирование 
610 1 |a дипломное проектирование 
610 1 |a котлоагрегаты 
610 1 |a топливо 
610 1 |a конструктивные характеристики 
610 1 |a воздух 
610 1 |a продукты сгорания 
610 1 |a энтальпия 
610 1 |a расчетный тепловой баланс 
610 1 |a топочные камеры 
610 1 |a поверхности нагрева 
610 1 |a промышленные котлы 
610 1 |a тепловой расчет 
610 1 |a ЭВМ 
610 1 |a тепловые нагрузки 
610 1 |a котельные 
610 1 |a тепловые схемы 
610 1 |a окружающая среда 
610 1 |a технико-экономические показатели 
610 1 |a учебные пособия 
675 |a 621.181.001(075.32)  |v 3 
700 1 |a Эстеркин  |b Р. И.  |g Рахмиель Иосифович 
801 1 |a RU  |b 63413507  |c 20130212 
801 2 |a RU  |b 63413507  |c 20150604  |g RCR 
942 |c BK 
959 |a 32/20130212  |d 2  |e 590,00  |f ЧЗТЛ:1  |f АНЛ:1